000 00511nam a2200205Ia 4500
003 OSt
005 20221002055019.0
006 a|||||r|||| 00| 0
007 ta
008 220930b |||||||| |||| 00| 0 eng d
024 _a71450
037 _cReference Collections
040 _aCRL
_cCRL
_beng
041 _2eng
_aeng
082 _aP32:4k, 15J5(RR)
245 0 _aMalayalam dictionary
260 _c1955
942 _hP32:4k, 15J5(RR)
_cref
_2CC
999 _c926487
_d926487